000 00893nmm a2200277 a 4500
001 ocm000588566
003 TR-IsHL
005 20201028121133.0
008 130705s2004 tu tur
007 cr cn
020 _a9789756300046
035 _a588566
_b(N$T)
050 0 4 _aDR718
_b.B39 2004
090 0 4 _aDR718
_b.B39 2004
100 1 _aBayrak, Orhan
245 1 0 _aİzahlı İstanbul sözlüğü
_h[electronic resource] /
_cOrhan Bayrak
250 _a1. bs.
260 _aİstanbul :
_bTarih Düşünce Kitapları,
_c2004
300 _a294 p.
650 4 _aSpor, Seyahat ve Turizm
650 4 _aSports, Travel & Tourism
650 0 _aİstanbul (Türkiye)
_x Sözlükler
650 0 _aIstanbul (Turkey)
_xDictionaries
650 7 _aREFERENCE / Dictionaries
_2bisacsh
856 4 0 _uhttp://search.ebscohost.com/login.aspx?direct=true&scope=site&db=e011xww&AN=588566
999 _c1161
_d1161